| 000 | 00615nam a22002057a 4500 | ||
|---|---|---|---|
| 005 | 20170215110228.0 | ||
| 010 | _aENG-117254 | ||
| 020 |
_c595.00 _a9789351437338 |
||
| 035 | _aEN-100786 | ||
| 037 | _bDBAD/PUB | ||
| 082 | _a343.5409944 | ||
| 100 | _aYatindra Singh | ||
| 245 |
_aCyber laws / _cby Yatindra Singh |
||
| 250 | _a6th ed | ||
| 260 |
_aGurgaon _bLexis Nexis _c2016 |
||
| 270 |
_a14th Floor Building N0-10,Tower-B,DLF Cyber City Phase-II _bGurgaon (Haryana) _e122002 |
||
| 300 |
_axIii,468p. : _c24cm(pbk) _bill |
||
| 500 | _aIncludes index | ||
| 942 |
_2ddc _cEN _h343.5409944 _mYAT |
||
| 999 |
_c137600 _d137600 |
||